Valid country by Brxno - Statistics

General Stats
  • This quiz has been taken 13 times
  • The average score is 3 of 15
Answer Stats
Country Answer % Correct
That has a bigger GDP than germany Japan | USA | China
100%
That has a capital that starts withthe same letter the country does Andorra | Algeria | Brunei | Belize | Brazil |
Belgium | Barbados | Djibouti | Guyana |
Guatemala | Kuwait | Luxembourg | Monaco | Mexico | San Marino | Niger | Panama | Papua New Guinea | São Tomé and Príncipe | South Korea | Sweden | Taiwan | Tunisia | Vatican
33%
That starts with a letter that no other
country starts with
Oman | Yemen | Qatar
33%
That has a flag containing purple Spain | Dominica | Nicaragua
33%
That lies on the prime meridean Uk | France | Spain | Togo | Burkina Faso |Algeria | Mali |Ghana
33%
That is an UN observer state Vatican city
33%
That has a population between 40 mioand 45 mio people Afghanistan | Ukraine | Uganda | Iraq
0%
That has never been invaded by Britain Andorra | Belarus | Bolivia | Burundi | CAR | Congo |Chad | Guatemala | Ivory Coast | Kyrgyzstan | Liechtenstein | Luxembourg | Mali | Marshall Islands | Monaco | Mongolia | Paraguay | São Tomé and Príncipe | Sweden | Tajikistan | Uzbekistan | Vatican City
0%
That doesn’t recognise the existenceof either china Bhutan
0%
That have more than five national languages Bolivia | Zimbabwe | South Africa | India
0%
That currently belongs to B.R.I.C.S Brazil | Russia | India | China | South Africa
0%
That has territory in the Hengduan mountains China | Myanmar
0%
That has a population density of less then 5 people/km² Mongolia | Namibia | Canada | Libya | Suriname |Guyana | Iceland |Australia
0%
That is located in Malenesia Papua new Guinea | Solomon islands | Fiji | Vanuatu
0%
That has a HDI below 0.5 and is notlocated in Africa Yemen | Afghanistan
0%
No matching quizzes found
Score Distribution
Percent of People with Each Score
Percentile by Number Answered
Your Score History
You have not taken this quiz